Most Wins at WWE Summerslam - Statistics

General Stats
  • This quiz has been taken 214 times
  • The average score is 9 of 15
Answer Stats
Wins at WWE Summerslam Answer % Correct
6 Randy Orton
88%
6 Shawn Michaels
88%
8 Triple H
82%
6 Hulk Hogan
79%
6 Kane
76%
4 Brock Lesnar
74%
8 Edge
73%
7 Bret Hart
65%
4 Batista
58%
5 Kurt Angle
54%
4 Big Show
51%
4 CM Punk
43%
9 The Undertaker
40%
5 The Ultimate Warrior
24%
4 Billy Gunn
10%
No matching quizzes found
Score Distribution
Percent of People with Each Score
Percentile by Number Answered
Your Score History
You have not taken this quiz